000 00888nam a2200265 a 4500
001 1548
003 BR-CuiBMT
005 20231214230930.0
008 231213s2015 dfba 000 0 por d
040 _aBR-CuiBMT
_cBR-CuiBMT
080 _a35:001.89
_22007
090 _a35:001.89
_bM958r
100 1 _aMuller, Claudia Cristina
245 1 0 _aRepositório institucional da Enap :
_bum processo de construção coletiva do conhecimento /
_cClaudia Cristina Muller, Keicielle Schimidt de Oliveira.
260 _aBrasília :
_bENAP ;
_c2015.
300 _a101 p. :
_bil. ;
_c30 cm
490 1 _aCadernos ENAP ;
_v41
504 _aInclui bibliografia.
650 _aAdministração pública
_zBrasil
650 _aGestão do conhecimento
_vinovação
650 _aMemória organizacional
700 1 _aOliveira, Keicielle Schimidt de
830 _aCadernos ENAP ;
_v41
942 _2udc
_cLV
999 _c1548
_d1548